LEADER 01112nam1-2200397---450- 001 990000320060203316 010 $a0-7382-0055-7 035 $a0032006 035 $aUSA010032006 035 $a(ALEPH)000032006USA01 035 $a0032006 100 $a20010108d199-----km-y0itay0103----ba 101 $aeng 102 $aUS 105 $a||||||||001yy 200 1 $aParticles, sources, and fields$fJulian Schwinger 210 $aMassachusetts$cPerseus Books,$d199? 215 $av.$cill.$d20 cm 225 2 $aAdvanced book classics 410 $12001$aAdvanced book classics 610 0 $aParticelle 610 0 $aTeoria dei campi 610 0 $aElettrodinamica 676 $a539.7 700 1$aSCHWINGER,$bJulian$027151 801 0$aIT$bsalbc$gISBD 912 $a990000320060203316 951 $a539.7 SCH$c539.7 959 $aBK 969 $aSCI 979 $aTAMI$b40$c20010108$lUSA01$h1525 979 $aTAMI$b40$c20010108$lUSA01$h1527 979 $c20020403$lUSA01$h1640 979 $aPATRY$b90$c20040406$lUSA01$h1622 996 $aParticles, Sources, and Fields$9340389 997 $aUNISA LEADER 02603nam 2200661z- 450 001 9910557411403321 005 20220111 035 $a(CKB)5400000000043562 035 $a(oapen)https://directory.doabooks.org/handle/20.500.12854/76923 035 $a(oapen)doab76923 035 $a(EXLCZ)995400000000043562 100 $a20202201d2021 |y 0 101 0 $aeng 135 $aurmn|---annan 181 $ctxt$2rdacontent 182 $cc$2rdamedia 183 $acr$2rdacarrier 200 00$a80 Years of Professor Wigner's Seminal Work "On Unitary Representations of the Inhomogeneous Lorentz Group" 210 $aBasel, Switzerland$cMDPI - Multidisciplinary Digital Publishing Institute$d2021 215 $a1 online resource (160 p.) 311 08$a3-0365-2197-6 311 08$a3-0365-2198-4 330 $aThis book celebrates the 80 years of the Professor Eugene P. Wigner paper "On Unitary Representations of the Inhomogeneous Lorentz Group", published in The Annals of Mathematics in 1939. We have collected several contributions divided into Research articles and Reviews. All contributions are technical, but the papers also bring a health element of didactic. Practitioners from several areas, from Gravity to Quantum Field Theory and Quantum Mechanics, as well as students, shall find a rich material in this Volume. 606 $aResearch & information: general$2bicssc 610 $aanomalies 610 $abispinors 610 $achirality 610 $acombination of velocities 610 $acontinuity 610 $aentanglement 610 $agauge anomalies 610 $agauge field theories 610 $agauge field theory 610 $aHilbert space 610 $amodified gravity 610 $an/a 610 $anon-Riemannian geometry 610 $anonperturbative techniques 610 $aquantum cosmology 610 $aquantum gravity 610 $aquantum mechanics 610 $aquaternions 610 $aray representation 610 $aregularization 610 $aspacetime symmetries 610 $aspecial relativity 610 $aspinors in 4d 610 $astrongly continuous 610 $asymmetry 610 $awigner angle 610 $aYang-Mills fields 615 7$aResearch & information: general 700 $ada Silva$b Julio Marny Hoff$4edt$01297530 702 $ada Silva$b Julio Marny Hoff$4oth 906 $aBOOK 912 $a9910557411403321 996 $a80 Years of Professor Wigner's Seminal Work "On Unitary Representations of the Inhomogeneous Lorentz Group"$93024503 997 $aUNINA